| 000 | 00514nam a2200217Ia 4500 | ||
|---|---|---|---|
| 003 | 0100 | ||
| 008 | 130303s9999 xx 000 0 und d | ||
| 020 | _a818908319 | ||
| 040 | _cARRUPELIB | ||
| 050 | _aBX4700.P7755P742000 | ||
| 100 | _aGennaro Preziuso | ||
| 245 | 4 | _aThe life of Padre Pio | |
| 245 | _bbetween the Alter and the confessional | ||
| 260 | _aNew York | ||
| 260 | _bAlba house | ||
| 260 | _C2000 | ||
| 300 | _aviii | ||
| 300 | _b 241p. 20cm | ||
| 700 | _aGennaro Preziuso | ||
| 942 | 0 | 0 | _04 |
| 999 |
_c10277 _d10277 |
||